01485nab a2200397 uc450000100070000000500170000700800410002403500110006503500210007604000130009704100080011010000340011824501320015265000520028465000150033665000150035165000130036665000350037965000310041465000360044570000440048170000360052570000370056170000450059870000350064370000300067870000350070870000380074370000290078170000300081070000350084070000270087570000310090270000280093377301260096183628620240201190026.0030806s2002 spa  a836286 a(OCoLC)820071414 ccomduadb aspa10aAgudelo, Clara Ines4auteaut10aVigilancia por el laboratorio de Streptococcus pneumoniae aislado de procesos invasores en poblacion mayor de 5 anos, 1998-2001 aStreptococcus pneumoniae - Prevencion y control aNeumonía aMeningitis aSerotipo aSusceptibilidad a enfermedades aResistencia antimicrobiana 7aMonitoreo epidemiológico2dcs10aDíaz Guevara, Paula Lucía4auteaut10aSanabria, Olga Marina4auteaut10aOvalle, Maria Victoria4auteaut10aCastaneda Del Gordo, Elizabeth4auteaut10aGallego, Carmen Rosa4auteaut10aNuñez, Sandra4auteaut10aJaramillo O., Edilma4auteaut10aPortilla, Vianey Emilse4auteaut10aCano, Mercedes4auteaut10aGartner, Martha4auteaut10aAlvarez, Maria Elena4auteaut10aMora, Gladys4auteaut10aRincon, Patricia4auteaut10aUzeta, Martha4auteaut0 tInforme Quincenal Epidemiológico Nacional (Bogotá)gVol. 07, No. 12, Jun. 2002, p. 177-183w325053x0122-99070104620